| 000 | 01774cam a2200409 a 4500 | ||
|---|---|---|---|
| 001 | 5722 | ||
| 003 | FISKH | ||
| 005 | 20250127122001.0 | ||
| 008 | 000622s2001 nyua b 000 0deng | ||
| 010 | _a 00057304 | ||
| 020 | _a044842424X (GB) | ||
| 020 | _a0448424215 (pbk.) | ||
| 040 |
_aDLC _cDLC _dDLC _beng |
||
| 050 | _aE185.K5 | ||
| 082 | _a323.092 | ||
| 100 | 1 | _aRuffin, Frances E. | |
| 245 | 1 | 0 |
_aMartin Luther King, Jr. and the March on Washington / _cby Frances E. Ruffin ; illustrated by Stephen Marchesi. |
| 260 |
_aNew York : _bScholastic, _c2001. |
||
| 300 |
_a48 pages : _bcolor illustrations ; _c23 cm |
||
| 440 | 0 | _aAll aboard reading | |
| 505 | _aN | ||
| 520 | _aTells about the events of August 28, 1963, when protesters gathered in Washington D.C. to draw attention to discrimination against African-Americans and to hear Civil Rights leader Dr. Martin Luther King, Jr. deliver his now famous "I Have a Dream" speech. | ||
| 521 | 8 |
_a550
_bLexile |
|
| 521 | 8 |
_aN
_bRaz-Plus |
|
| 600 | 1 | 0 |
_aKing, Martin Luther, _cJr., _d1929-1968 _vJuvenile literature. |
| 600 | 1 | 1 |
_aKing, Martin Luther, _cJr., _d1929-1968. |
| 611 | 2 | 0 |
_aMarch on Washington for Jobs and Freedom _d(1963 : _cWashington, D.C.) _vJuvenile literature. |
| 611 | 2 | 1 |
_aMarch on Washington for Jobs and Freedom _d(1963 : _cWashington, D.C.) |
| 650 | 0 |
_aAfrican Americans _xCivil rights _xHistory _y20th century _vJuvenile literature. |
|
| 650 | 0 |
_aCivil rights movements _zUnited States _xHistory _y20th century _vJuvenile literature. |
|
| 650 | 1 |
_aAfrican Americans _xCivil rights. |
|
| 650 | 1 | _aCivil rights demonstrations. | |
| 700 | 1 |
_aMarchesi, Stephen, _eillustrator |
|
| 906 |
_a7 _bcbc _corignew _d1 _eocip _f20 _gy-gencatlg |
||
| 942 |
_2ddc _cBK _n0 |
||
| 999 |
_c5722 _d5722 |
||